书目信息 |
| 题名: |
西方经济学概论
|
|
| 作者: | 王花球 主编 | |
| 分册: | ||
| 出版信息: | 北京 经济科学出版社 2002.08 |
|
| 页数: | 374页 | |
| 开本: | 20cm | |
| 丛书名: | ||
| 单 册: | ||
| 中图分类: | F0 | |
| 科图分类: | ||
| 主题词: | 现代资产阶级经济学--高等学校--教材 | |
| 电子资源: | ||
| ISBN: | 7-5058-2785-5 | |
| 000 | 00869nam0 2200241 450 | |
| 001 | 0311191600 | |
| 005 | 20051025094952.72 | |
| 010 | @a7-5058-2785-5@dCNY19.50 | |
| 100 | @a20031119d2002 km y0chiy0120 ea | |
| 101 | 0 | @achi |
| 102 | @aCN@b110000 | |
| 105 | @aa a 000yy | |
| 200 | 1 | @a西方经济学概论@AXi Fang Jing Ji Xue Gai Lun@f王花球主编@Fwang hua qiu zhu bian |
| 210 | @a北京@c经济科学出版社@d2002.08 | |
| 215 | @a374页@c图@d20cm | |
| 300 | @a财政部“十五”规划教材 全国高职高专院校财经类教材 | |
| 320 | @a有书目 (第374页)。 | |
| 330 | @a本教材包括消费者行为理论、生产理论、成本理论、厂商均衡理论、分配理论、微观经济政策、国民收入核算理论与方法、国民收入决定理论、宏观经济政策等内容。 | |
| 606 | 0 | @a现代资产阶级经济学@x高等学校@x教材 |
| 690 | @aF0@v4 | |
| 701 | 0 | @a王花球@Awang hua qiu@4主编 |
| 801 | 0 | @aCN@bQSSK@c20051025 |
| 905 | @a10447@dF0@eW215 | |
| 西方经济学概论/王花球主编.-北京:经济科学出版社,2002.08 |
| 374页:图;20cm |
| 财政部“十五”规划教材 全国高职高专院校财经类教材 |
| ISBN 7-5058-2785-5:CNY19.50 |
| 本教材包括消费者行为理论、生产理论、成本理论、厂商均衡理论、分配理论、微观经济政策、国民收入核算理论与方法、国民收入决定理论、宏观经济政策等内容。 |
| ● |
| 相关链接 |
|
|
|
正题名:西方经济学概论
索取号:F0/W215
 
预约/预借
| 序号 | 登录号 | 条形码 | 馆藏地/架位号 | 状态 | 备注 |
| 1 | 572912 | 205729121 | 社科二线422/409社科库 61排3列1层/ [索取号:F0/W215] | 在馆 | |
| 2 | 572913 | 205729130 | 社科库409/409社科库 61排3列1层/ [索取号:F0/W215] | 在馆 | |
| 3 | 572914 | 205729149 | 社科库409/409社科库 61排3列1层/ [索取号:F0/W215] | 在馆 |